Využitie lineárnych regresných modelov v neživotnom poistení s podporou jazyka R

Zovšeobecnené lineárne modely (GLM). základy prechodu lineárnych regresných modelov ku GLM. Aktuárstvo a problematika regresnej analýzy na predmete Štatistika a Regresná a korelačná analýza.

Saved in:
Bibliographic Details
Main Author: Páleš, Michal, 1984-
Format: Book Chapter
Language:Slovak
Subjects:
Tags: Add Tag
No Tags, Be the first to tag this record!

MARC

LEADER 00000nla a2200000 4500
001 0224221
005 20240502073654.5
041 0 |a slo 
044 |a SK 
245 1 0 |a Využitie lineárnych regresných modelov v neživotnom poistení s podporou jazyka R  |c Michal Páleš 
520 |a Zovšeobecnené lineárne modely (GLM). základy prechodu lineárnych regresných modelov ku GLM. Aktuárstvo a problematika regresnej analýzy na predmete Štatistika a Regresná a korelačná analýza. 
610 2 0 |a modely lineárne 
610 2 0 |a modely regresné 
610 2 0 |a metódy aktuárske 
610 2 0 |a analýza korelačná 
610 2 0 |a štatistika 
610 2 0 |a teória modelov ekonomicko-matematických 
100 1 |a Páleš, Michal, 1984-